000 00680nam a2200241Ia 4500
003 OSt
005 20221007081451.0
006 a|||||r|||| 00| 0
007 ta
008 221006b |||||||| |||| 00| 0 eng d
024 _a46,106
037 _cTextual
040 _aFLL
_cFLL
_beng
041 _2eng
_aeng
082 _aD65,8(B),94, Q7
100 _aMARTELLOZZO Elena Ed.
_9697328
245 0 _aCybercrime and its victims
260 _aNew York
_bRoutledge USA
_c2017
300 _axv,233p.
_ccm.
700 _a JANE Emma A. Ed.
_9697329
942 _hD65,8(B),94, Q7
_cTEXL
_2CC
999 _c1163133
_d1163133